000 00274nam a2200109Ia 4500
008 220204s9999 xx 000 0 und d
082 _a92SHA
_bHAL
100 _aHalliday, F E
245 0 _aShakespeare and his world
260 _aLondon
_bThames and Hudson
_c1976
942 _cBK
999 _c34511
_d34511